| 000 | 00758nam a2200241 a 4500 | ||
|---|---|---|---|
| 001 | 57436 | ||
| 003 | BD-RjUL | ||
| 005 | 20211209080519.0 | ||
| 008 | 161210s1946 enk 00100 eng d | ||
| 035 | _a(BD-RjUL)57560 | ||
| 040 |
_aANL _beng _dANL _dBD-RjUL _cBD-RjUL |
||
| 041 | _aeng | ||
| 082 | 0 |
_a301.7 _223 _bKES 1946 |
|
| 100 | 1 |
_aKelsen, Hans, _d1881-1973. _9170561 |
|
| 245 | 1 | 0 |
_aSociety and nature : _ba sociological inquiry / _cHans Kelsen |
| 260 |
_aLondon : _bKegan Paul, _c1946. |
||
| 300 |
_aviii, 391 p., [12] ; _c22 cm. |
||
| 500 | _aIncludes index | ||
| 650 |
_aPrimitive societies. _9170563 |
||
| 650 |
_aPhilosophy of nature. _9170564 |
||
| 942 |
_2ddc _cBK |
||
| 999 |
_c57436 _d57436 |
||